Estatísticas para Os 15 principais países afetados pela Covid-19 - 2 dezembro

Clique aqui para jogar o quiz

Estatísticas Gerais

  • Esse quiz foi jogado 19 vezes
  • A pontuação média é 15 de 27

Estatísticas das Respostas

país% Correto
Brasil
100%
Espanha
100%
Estados Unidos
100%
Itália
100%
Reino Unido
100%
Argentina
93%
França
93%
Alemanha
87%
México
87%
Rússia
87%
Índia
80%
Colômbia
60%
Irão
60%
Peru
60%
Polônia
60%
Bélgica
47%
Suíça
47%
Chéquia
33%
Croácia
27%
Eslovénia
27%
Israel
27%
Panamá
27%
Bahrein
13%
Catar
13%
Armênia
7%
Geórgia
7%
Kuweit
7%

Distribuição das Pontuações

Percentil de Números Respondidos

Porcentagem de Pessoas com Cada Pontuação

Sua Pontuação Histórica

Você não jogou esse quiz